1720 1142 1286 1590 1391 1186 1090 1208 1850 1158 1477 1051 1325 1748 1662 1131 1002 1231 1148 1522 1102 1662 1249 1690 1226 1501 1755 1665 1543 1074 1789 1587 1479 1080 1639 1167 1311 1933 1700 1661 1472 1629 1716 1306 1707 1463 1587 1287 1868 1694 1972 1246 1691 1845 1803 1316 1667 1501 1238 1641 1188 1441 1154 1841 1096 1528 1396 1351 1955 1478 1701 1031 1739 1751 1340 1923 1496 1302 1092 1672 1678 1258 1974 1160 1805 1685 1432 1873 1249 1147 1014 1116 1434 1160 1562 1717 1031 1313 1584 BCNSPRNW ULIB Ver.6.0+V

เปลี่ยนเป็นภาษาไทย

Change to English
 แสดงรายละเอียดบรรณานุกรม
  กลับหน้าหลัก

Brief Record : Get Marc (ISO 2709) : E-mail record : QR code < ปิดหน้าต่าง
LEADER : 00000nam 2200000uu 4500
001    13399111409
003     ULIB
008    110624s2551||||th 000 0 tha d
020    9789741109784
060 04 WY100^bก492 2551
245 00 การพยาบาลพื้นฐาน :^bแนวคิดและการปฏิบัติ /^cผู้เรียบเรียงกรรณิการ์ ภังคานนท์ ... [และคนอื่นๆ] ; สุปาณี เสนาดิสัย, วรรณภา ประไพพานิช, บรรณาธิการ
250    พิมพ์ครั้งที่ 12 (ปรับปรุงครั้งที่ 2)
260    [กรุงเทพ] :^bโรงเรียนพยาบาลรามาธิบดี,^c2551
300    761 หน้า :^bภาพประกอบ ;^c26 ซม.
591     LIRA : มีปี 2554 พิมพ์ครั้งที่ 13
650  7 การพยาบาล
650  7 การพยาบาล, การบริการ
700 0  กรรณิการ์ ภังคานนท์
700 0  สุปาณี เสนาดิสัย,^eบรรณาธิการ
700 0  วรรณภา ประไพพานิช,^eบรรณาธิการ
710 2  โรงเรียนพยาบาลรามาธิบดี
945    ^p450^l0^i15629
945    ^p450^l0^i15628
945    ^p450^l0^i15627
945    ^p450^l0^i15626
945    ^p450^l0^i15630
995     เกษร
999 ^a ใช้งานได้ทุกระบบ
รายการนี้ยังไม่มีแท็ก
คุณยังไม่ได้ล็อกอิน คุณสามารถมีกิจกรรมร่วมกับเว็บไซต์ได้ แต่ต้องล็อกอินก่อน ::
  ล็อกอิน

รายการสื่อสารสนเทศ

ลำดับที่ ประเภท เลขเรียก/บาร์โค้ด สถานที่ สถานะ
- ไม่พบข้อมูล -

รายการใกล้เคียง
    หัวเรื่อง [การพยาบาล]
    หัวเรื่อง [การพยาบาล, การบริการ]

BibComment


ยังไม่เคยถูกคอมเมนท์

คอมเมนท์ทรัพยากรรายการนี้
  คอมเมนท์: การพยาบาลพื้นฐาน ..


 Copyright 2026. Bcnsprnw @Library